000 00857nam a22002297a 4500
005 20240530110452.0
008 150514s2012 ua g b 000 0 ara d
017 _a2011/19095
_bمصر . دار الكتب المصرية
020 _a9789774312349
040 _aEG-CaGPL
082 _221
_a302.2\
_bص إ
100 0 _aصلاح محمد عبدالحميد
245 _aالاعلام و الطفل العربى /
_cصلاح محمد عبدالحميد
250 _aط1
260 _aالقاهرة :
_bمؤسسة طيبة للنشر و التوزيع ،
_c2012 .
300 _a264 ص ؛
_c24 سم .
504 _aيشتمل على ارجاعات ببليوجرافية
650 0 4 _aالاعلام
_zالعالم العربى
650 0 4 _aالاطفال فى الصحافة
942 _2ddc
_cBK
999 _c61266
_d61266